Szczegóły MARC21

Bezpieczeństwo w środowisku pracy : postępy medycyny pracy, ratownictwa medycznego i inżynierii bezpieczeństwa pracy /

003 -Nazwa inst., której nr kontr. jest w polu 001 [,]
    • @
    • Nazwa instytucji, której n kontrolny jest w polu 001
    • NUKAT
005 -DATA I CZAS OSTATNIEJ MODYFIKACJI [,]
    • @
    • pole kontrolne
    • 20241231094327.0
020 -Międzynarod. znormalizowany nr książki - ISBN [ , ]
    • a
    • Numer ISBN
    • 9788389250520 Find
040 -Instytucja sporządzająca opis [ , ]
    • a
    • Instytucja, która sporządziła opis (NP)
    • BYDG 020/ED
    • c
    • Instytucja, która sporządziła rekord (NP)
    • BYDG 020/ED
    • d
    • Instytucja, która zmodyfikowała rekord (P)
    • KR U/BUs
942 -Rodzaj dokumentu [ , ]
    • c
    • Rodzaj dokumentu
    • Książka
245 -Strefa tytułu i oznaczenia odpowiedzialności [0,0]
    • a
    • Tytuł
    • Bezpieczeństwo w środowisku pracy : Find
    • b
    • Ciąg dalszy tytułu (NP)
    • postępy medycyny pracy, ratownictwa medycznego i inżynierii bezpieczeństwa pracy / Find
    • c
    • Pozostałe elementy strefy tytułu i oznaczenia odpowiedzialności (NP)
    • red. nauk. Jerzy Konieczny.
260 -Strefa adresu wydawniczego [ , ]
    • a
    • Miejsce wydania (P)
    • Poznań [etc.] :
    • b
    • Nazwa wydawcy (P)
    • Garmond Oficyna Wydawnicza,
    • c
    • Data wydania (P)
    • 2011.
300 -Strefa opisu fizycznego [ , ]
    • a
    • Określenie formy książki i/lub objętość (NP)
    • 650 s., [10] s. tabl. :
    • b
    • Oznaczenie ilustracji (NP)
    • il. (w tym kolor.) ;
    • c
    • Format (NP)
    • 24 cm.
336 -Typ zawartości [ , ]
    • a
    • Termin opisujący typ zawartości
    • Tekst
    • b
    • Kod określający zawartość
    • txt
    • 2
    • Źródło (terminu i kodu)
    • rdacontent
337 -Typ mediów [ , ]
    • a
    • Tryb odtwarzania
    • Bez urządzenia pośredniczącego
    • b
    • Kod typu mediów
    • n
    • 2
    • Źródło (terminu i kodu)
    • rdamedia
338 -Typ/rodzaj nośnika [ , ]
    • a
    • Hasło opisujące typ nośnika
    • Wolumin
    • b
    • Kod typu nośnika
    • nc
    • 2
    • Źródło (terminu i kodu)
    • rdacarrier
504 -Uwaga dot. bibliogr. załącznikowej [ , ]
    • a
    • Uwaga dot. bibliografii załącznikowej
    • Bibliogr. przy ref.
080 -Uniwersalna Klasyfikacja Dziesiętna [ , ]
    • 2
    • Identyfikator wydania tablic
    • UDC-P058
    • 9
    • UKD
    • 4585
    • a
    • Symbol klasyfikacji
    • 613.6
    • b
    • Dopowiedzenie
    • Higiena pracy (zawodowa i przemysłowa). Choroby zawodowe (zagadnienia ogólne). Szkodliwy wpływ kurzu, hałasu, światła itd.
080 -Uniwersalna Klasyfikacja Dziesiętna [ , ]
    • 2
    • Identyfikator wydania tablic
    • UDC-P058
    • 9
    • UKD
    • 4621
    • a
    • Symbol klasyfikacji
    • 614.88
    • b
    • Dopowiedzenie
    • Ratownictwo. Pomoc w nagłych wypadkach. Pogotowie ratunkowe. Czerwony Krzyż.
080 -Uniwersalna Klasyfikacja Dziesiętna [ , ]
    • 2
    • Identyfikator wydania tablic
    • UDC-P058
    • 9
    • UKD
    • 4617
    • a
    • Symbol klasyfikacji
    • 614.8
    • b
    • Dopowiedzenie
    • Zapobieganie wypadkom i ich zwalczanie. Niebezpieczeństwo utonięcia. Pomoc tonącym. Zaczadzenie, zatrucia gazami. Zagrożenia prądem elektrycznym
080 -Uniwersalna Klasyfikacja Dziesiętna [ , ]
    • 2
    • Identyfikator wydania tablic
    • UDC-P058
    • 9
    • UKD
    • 3050
    • a
    • Symbol klasyfikacji
    • 331.46
    • b
    • Dopowiedzenie
    • Wypadki przy pracy.
080 -Uniwersalna Klasyfikacja Dziesiętna [ , ]
    • 2
    • Identyfikator wydania tablic
    • UDC-P058
    • 9
    • UKD
    • 4689
    • a
    • Symbol klasyfikacji
    • 616-057
    • b
    • Dopowiedzenie
    • Choroby zawodowe. Medycyna pracy.
650 -Hasło przedmiotowe [ ,7]
    • a
    • Hasło przedmiotowe
    • Bezpieczeństwo pracy.
    • 2
    • Źródło terminu
    • kaba
    • 9
    • KHW
    • 102769
650 -Hasło przedmiotowe [ ,7]
    • a
    • Hasło przedmiotowe
    • Higiena pracy.
    • 2
    • Źródło terminu
    • kaba
    • 9
    • KHW
    • 111129
650 -Hasło przedmiotowe [ ,7]
    • a
    • Hasło przedmiotowe
    • Medycyna pracy.
    • 2
    • Źródło terminu
    • kaba
    • 9
    • KHW
    • 118891
650 -Hasło przedmiotowe [ ,7]
    • a
    • Hasło przedmiotowe
    • Ratownictwo.
    • 2
    • Źródło terminu
    • kaba
    • 9
    • KHW
    • 127485
980 -Symbol UKD [ , ]
    • a
    • UKD
    • 613.6:614.88:614.8:331.46:616-057
700 -Hasło dodatkowe - nazwa osobowa [1, ]
    • a
    • Nazwa osobowa (NP)
    • Konieczny, Jerzy Find
    • c
    • Dopowiedzenie inne niż daty biograficzne (NP)
    • (bezpieczeństwo).
    • e
    • Określenie rodzaju współpracy
    • Red.
    • 9
    • KHW
    • 84879
710 -Hasło dodatkowe - nazwa ciała zbiorowego [2, ]
    • a
    • Nazwa ciała zbiorowego lub nazwa geograficzna jako pierwszy element (NP)
    • Garmond Oficyna Wydawnicza.
    • 4
    • Kod relacji
    • pbl
    • 9
    • KHW
    • 85993
920 -ISBN [ , ]
    • a
    • ISBN
    • 978-83-89250-52-0 Find
Lokalizacja Data inwentaryzacji Sygnatura Numer inwentarzowy Status udost.
BE2016-02-1561GW.4745-3
H2016-02-15 GW.4744-11